000 00409nam a22001697a 4500
005 20251108174739.0
008 250721s2004 xx 000 0 eng d
020 _a755434102
082 1 4 _aJ/387.2/SHI
245 1 0 _aShips & Boats /
264 _bReport Frederick,
_c2004.
300 _a44P.
650 1 7 _aSHIPS
653 _aناشئون صغار (10-14 سنة
942 _2ddc
_cBK
999 _c116997
_d116997